Secondary TV Character Matchup Quiz Stats

 Plays Quiz not verified by Sporcle

Also try: TV Theme Challenge
Challenge
Share
Tweet
Score 0/30 Timer 08:00
0 Plays Today
% Correct
David Puddy
68.8%
Lucille Austero
66.7%
Jean-Ralphio Saperstein
56.3%
J Peterman
54.2%
Robert California
52.1%
Ann Veal
52.1%
Trudy Campbell
50%
Nellie Bertram
50%
Mike Ehrmentraut
43.8%
David Wallace
43.8%
Joan Callamezzo
41.7%
Perd Hapley
39.6%
Kenny Bania
29.2%
Wayne Jarvis
29.2%
Esther Clavin
27.1%
% Correct
Loretta Tortelli
27.1%
Robin Colcord
27.1%
Benny Fazio
25%
Gretchen Schwartz
22.9%
Rosalie Aprile
20.8%
Glen Bishop
20.8%
Donald Margolis
18.8%
Elena McNulty
18.8%
Elliot Kupferberg
18.8%
Maurice Levy
16.7%
Faye Miller
14.6%
Mallory O'Brien
12.5%
Roland Brice
10.4%
Percy Fitzwallace
10.4%
Margaret Hooper
8.3%

You're not logged in!

Compare scores with friends on all Sporcle quizzes.
Join for Free
OR
Log In

You Might Also Like...

Show Comments

Extras

Top Quizzes Today


Score Distribution

Your Account Isn't Verified!

In order to create a playlist on Sporcle, you need to verify the email address you used during registration. Go to your Sporcle Settings to finish the process.

Report this User

Report this user for behavior that violates our Community Guidelines.

Details: